000 00566 a2200205 4500
005 20260129105638.0
008 260128b |||||||| |||| 00| 0 eng d
020 _a9789360533342
_cRs. 2495.00
040 _aMAIN
082 _a363.25
_bB462F(3)
100 _aBertino, Anthony J
245 _aForensic science: Fundamentals and investigations
250 _a3rd
260 _bCengage Learning
_c2025
_aNew Delhi
300 _axxix, 898
650 _aForensic Sciences
650 _aCrime Investigation
700 _aBertino, Patricia Nolan
942 _cBK
999 _c394445
_d394445